000 00756nam a2200229 i 4500
001 bg
245 0 0 _aStrategia lizbońska - droga do sukcesu zjednoczonej Europy /
_c[oprac. Agata Budzyńska et al. ; Urząd Komitetu Integracji Europejskiej].
260 _aWarszawa :
_bUKIE,
_c2002.
300 _a102, [1] s. :
_bwykr. ;
_c24 cm.
490 1 _aDebata. Wyzwania Członkostwa
650 9 _aUnia Europejska
_xgospodarka
_xpolityka
700 1 _aBUDZYŃSKA, Agata.
_eOprac.
710 0 _aUrząd Komitetu Integracji Europejskiej
830 0 _aDebata.
_pWyzwania Członkostwa
020 _a8387913383
040 _cBPK
041 0 _apl
080 _a339.97(4-67)
920 _a83-87913-38-3
942 _cKS
008 s pl f |000 0 pol
999 _c41706
_d41706
856 _uhttp://koha.tu.koszalin.pl/cgi-bin/koha/opac-detail.pl?biblionumber=41706
_yKatalog online BPK